[Event "II Miedzynarodowy Festiwal Szachowy Kaszëbë Ôpen - Grupa A (FIDE > 1800)"]
[Site "Hala Sportowa Zespolu Szkol w Lipuszu, ul. Derdowskiego 7a"]
[Date "1899-12-30"]
[Round "1.1"]
[White "Cap, Piotr"]
[Black "Putlak, Wojciech"]
[Result "1/2-1/2"]
[WhiteTitle "I++"]
[BlackTitle "I++"]
[WhiteElo "2039"]
[BlackElo "2031"]

1. d4 Nf6 2. Nf3 e6 3. c4 Bb4+ 4. Bd2 Bxd2+ 5. Nbxd2 O-O 6. e3 b6 7. Bd3 Bb7 8.
O-O d6 9. Rc1 Nbd7 10. Bb1 Re8 11. Qc2 e5 12. Rfd1 Qe7 13. b4 c5 14. bxc5 bxc5
15. d5 Reb8 16. Qa4 Bc8 17. h3 a5 18. Rc3 Nb6 19. Qc2 Bd7 20. Ra3 g6 21. Qc3 Na4
22. Qc2 Rb2 23. Qc1 Rab8 24. Bc2 R2b4 25. Bb3 e4 26. Ne1 Qe5 27. Nc2 Nb2 28. Nxb4
axb4 29. Ra7 Nxd1 30. Qxd1 h5 31. Qb1 Bf5 32. Bc2 Re8 33. Nb3 Re7 34. Ra8+ Re8
35. Ra7 Re7 36. Ra8+ Re8 37. Ra7 1/2-1/2

[Event "II Miedzynarodowy Festiwal Szachowy Kaszëbë Ôpen - Grupa A (FIDE > 1800)"]
[Site "Hala Sportowa Zespolu Szkol w Lipuszu, ul. Derdowskiego 7a"]
[Date "1899-12-30"]
[Round "1.2"]
[White "Kucharski, Krzysztof"]
[Black "Szopieraj, Dariusz"]
[Result "1-0"]
[WhiteTitle "II+"]
[BlackTitle "k"]
[WhiteElo "1884"]
[BlackElo "2003"]

1. d4 Nf6 2. Nf3 g6 3. Nc3 d5 4. Bf4 Bg7 5. Qd2 Ne4 6. Nxe4 dxe4 7. Ne5 c5 8. e3
Nd7 9. O-O-O Nxe5 10. Bxe5 Bxe5 11. dxe5 Qxd2+ 12. Rxd2 O-O 13. Bc4 a6 14. Bd5
Ra7 15. Bxe4 Be6 16. Rhd1 b5 17. Rd8 c4 18. a3 a5 19. Rxf8+ Kxf8 20. Rd8+ Kg7
21. Rb8 b4 22. axb4 axb4 23. Rxb4 Ra1+ 24. Kd2 Rf1 25. Ke2 Rh1 26. h3 Rg1 27.
Rb7 Kf8 28. Rb8+ Kg7 29. b4 Bf5 30. Bxf5 gxf5 31. Rc8 Rxg2 32. Rxc4 Rg1 33. Rc7
e6 34. b5 Rh1 35. b6 h5 36. b7 Rb1 37. c4 Rb2+ 38. Kf3 Kg6 39. c5 f4 40. c6 fxe3
41. fxe3 1-0

[Event "II Miedzynarodowy Festiwal Szachowy Kaszëbë Ôpen - Grupa A (FIDE > 1800)"]
[Site "Hala Sportowa Zespolu Szkol w Lipuszu, ul. Derdowskiego 7a"]
[Date "1899-12-30"]
[Round "1.3"]
[White "Schmidt, Wlodzimierz"]
[Black "Marszk, Kazimierz"]
[Result "1/2-1/2"]
[WhiteTitle "GM"]
[BlackTitle "k"]
[WhiteElo "2225"]
[BlackElo "1879"]

1. d4 Nf6 2. c4 g6 3. Nc3 d5 4. cxd5 Nxd5 5. e4 Nxc3 6. bxc3 c5 7. Bb5+ Bd7 8.
Be2 Bg7 9. Nf3 Nc6 10. Be3 O-O 11. O-O cxd4 12. cxd4 Bg4 13. d5 Bxf3 14. Bxf3
Ne5 15. Be2 b6 16. f4 Nd7 17. Rc1 Nf6 18. Bf3 Rc8 19. Qa4 Qd7 20. Qxd7 Nxd7 21.
Bg4 Rxc1 22. Rxc1 f5 23. exf5 gxf5 24. Rc7 Nc5 25. Bf3 Bf6 26. Rxa7 Rc8 27. Kf2
Kf8 28. g4 fxg4 29. Bxg4 Rd8 30. Bf3 Rc8 31. a4 Bc3 32. f5 Be5 33. h4 Bb8 34.
Bh6+ Ke8 35. Ra8 Bg3+ 36. Kxg3 Rxa8 37. d6 Rc8 38. Bh5+ Kd7 39. dxe7 Ne4+ 40.
Kf4 Nf6 41. Be2 Kxe7 42. Bg5 Rc5 43. Bd1 Rc3 44. Ke5 Rc5+ 45. Kf4 Rc4+ 46. Ke3
Rb4 47. Kd3 Kf7 48. Be3 Ne4 49. Bd4 Nd6 50. Kc3 Rc4+ 51. Kd3 Rb4 52. Kc3 Rc4+
1/2-1/2

[Event "II Miedzynarodowy Festiwal Szachowy Kaszëbë Ôpen - Grupa A (FIDE > 1800)"]
[Site "Hala Sportowa Zespolu Szkol w Lipuszu, ul. Derdowskiego 7a"]
[Date "1899-12-30"]
[Round "1.4"]
[White "Chojnacki, Krzysztof"]
[Black "Malisauskas, Vidmantas"]
[Result "1-0"]
[WhiteTitle "IM"]
[BlackTitle "GM"]
[WhiteElo "2386"]
[BlackElo "2403"]

1. d4 g6 2. e4 Bg7 3. Nf3 d6 4. Bc4 c6 5. Bb3 Nf6 6. Qe2 O-O 7. O-O Bg4 8. Nbd2
Nbd7 9. h3 Bxf3 10. Nxf3 e5 11. dxe5 dxe5 12. c3 Qe7 13. Bd2 Nc5 14. Bc2 a5 15.
a4 Nh5 16. g3 Nf6 17. Kg2 Rfd8 18. Be3 Rd7 19. Qc4 Bf8 20. Bxc5 Qxc5 21. Qxc5
Bxc5 22. Nxe5 Rd2 23. Rac1 b5 24. Nf3 Rd7 25. e5 Nd5 26. axb5 cxb5 27. Be4 Rad8
28. c4 bxc4 29. Rxc4 Bb4 30. h4 Nc7 31. Bc6 Re7 32. h5 Ne6 33. hxg6 hxg6 34. Rh1
Rc7 35. Rch4 Kf8 36. Rh8+ Ke7 37. Rxd8 Nxd8 38. Ba4 Bc5 39. Rh8 Nc6 40. Ra8 Bb4
41. Rh8 Bc5 42. g4 Ke6 43. Bb3+ Ke7 44. Bxf7 Nxe5 45. Nxe5 Bd6 46. Re8+ Kf6 47.
Re6+ 1-0

[Event "II Miedzynarodowy Festiwal Szachowy Kaszëbë Ôpen - Grupa A (FIDE > 1800)"]
[Site "Hala Sportowa Zespolu Szkol w Lipuszu, ul. Derdowskiego 7a"]
[Date "1899-12-30"]
[Round "1.5"]
[White "Baginskaite, Kamile"]
[Black "Sobolewski, Piotr"]
[Result "1-0"]
[WhiteTitle "WGM"]
[BlackTitle "k"]
[WhiteElo "2126"]
[BlackElo "1959"]

1. d4 e6 2. Nf3 f5 3. g3 Nf6 4. Bg2 Be7 5. O-O O-O 6. c4 Ne4 7. Qc2 Bf6 8. b3 c5
9. Bb2 cxd4 10. Nxd4 Nc6 11. Rd1 Nxd4 12. Bxd4 Bxd4 13. Rxd4 Qf6 14. e3 e5 15.
Rd1 d6 16. Nc3 Nxc3 17. Qxc3 a5 18. Rd5 e4 19. Qxf6 Rxf6 20. Rad1 a4 21. Bf1 axb3
22. axb3 Kf7 23. c5 dxc5 24. Rxc5 Rb6 25. Rd8 Rc6 26. Rxc6 bxc6 27. Bc4+ Ke7 28.
Rg8 g6 29. Kg2 Kd6 30. Rd8+ Ke7 31. Rh8 Kd6 32. Rxh7 Be6 33. Rg7 Bxc4 34. bxc4
Ra5 35. Rxg6+ Kd7 36. h4 Rc5 37. h5 f4 38. exf4 Rxh5 39. Rg5 Rh8 40. Re5 1-0

[Event "II Miedzynarodowy Festiwal Szachowy Kaszëbë Ôpen - Grupa A (FIDE > 1800)"]
[Site "Hala Sportowa Zespolu Szkol w Lipuszu, ul. Derdowskiego 7a"]
[Date "1899-12-30"]
[Round "2.1"]
[White "Putlak, Wojciech"]
[Black "Sobolewski, Piotr"]
[Result "1/2-1/2"]
[WhiteTitle "I++"]
[BlackTitle "k"]
[WhiteElo "2031"]
[BlackElo "1959"]

1. d4 e6 2. c4 f5 3. Nf3 Nf6 4. g3 Be7 5. Bg2 O-O 6. O-O Ne4 7. Nbd2 Bf6 8. Qc2
d5 9. e3 Nc6 10. a3 a5 11. b3 Bd7 12. Bb2 Be8 13. Ne5 Nxd2 14. Nxc6 Bxc6 15. Qxd2
Qd7 16. c5 a4 17. b4 g5 18. f4 g4 19. Kf2 h5 20. Bc3 Kf7 21. Rfb1 h4 22. Qb2 Bb5
23. Rh1 Rh8 24. Rhg1 Rh6 25. Rad1 Rah8 26. Qb1 Ke7 27. Rh1 1/2-1/2

[Event "II Miedzynarodowy Festiwal Szachowy Kaszëbë Ôpen - Grupa A (FIDE > 1800)"]
[Site "Hala Sportowa Zespolu Szkol w Lipuszu, ul. Derdowskiego 7a"]
[Date "1899-12-30"]
[Round "2.2"]
[White "Malisauskas, Vidmantas"]
[Black "Baginskaite, Kamile"]
[Result "1/2-1/2"]
[WhiteTitle "GM"]
[BlackTitle "WGM"]
[WhiteElo "2403"]
[BlackElo "2126"]

1. e4 c5 2. Nf3 d6 3. Bb5+ Bd7 4. Bxd7+ Qxd7 5. O-O Nc6 6. c3 Nf6 7. Re1 e6 8.
d4 cxd4 9. cxd4 d5 10. e5 Ne4 11. Nbd2 Nxd2 12. Bxd2 Be7 13. Qb3 O-O 14. Qd3 1/2-1/2

[Event "II Miedzynarodowy Festiwal Szachowy Kaszëbë Ôpen - Grupa A (FIDE > 1800)"]
[Site "Hala Sportowa Zespolu Szkol w Lipuszu, ul. Derdowskiego 7a"]
[Date "1899-12-30"]
[Round "2.3"]
[White "Marszk, Kazimierz"]
[Black "Chojnacki, Krzysztof"]
[Result "1/2-1/2"]
[WhiteTitle "k"]
[BlackTitle "IM"]
[WhiteElo "1879"]
[BlackElo "2386"]

1. e4 d6 2. d4 Nf6 3. Nc3 g6 4. Nf3 Bg7 5. Bd3 O-O 6. O-O Bg4 7. h3 Bxf3 8. Qxf3
Nc6 9. Be3 Nd7 10. Ne2 Nb4 11. Rad1 Nxd3 12. Rxd3 c5 13. c3 Qa5 14. Nc1 Rac8 15.
Qe2 Qb5 16. Rd2 Qc6 17. dxc5 Nxc5 18. f3 Nd7 19. Nd3 Ne5 20. Nxe5 Bxe5 21. Bd4
Bxd4+ 22. Rxd4 b5 23. Rfd1 a5 24. a3 Qb6 25. Kh1 Rc4 26. e5 Rxd4 27. Rxd4 dxe5
28. Qxe5 e6 29. Qd6 Qb7 30. Qd7 Qb6 31. Qd6 Qb7 32. Qd7 Qb6 33. Qd6 1/2-1/2

[Event "II Miedzynarodowy Festiwal Szachowy Kaszëbë Ôpen - Grupa A (FIDE > 1800)"]
[Site "Hala Sportowa Zespolu Szkol w Lipuszu, ul. Derdowskiego 7a"]
[Date "1899-12-30"]
[Round "2.4"]
[White "Szopieraj, Dariusz"]
[Black "Schmidt, Wlodzimierz"]
[Result "1/2-1/2"]
[WhiteTitle "k"]
[BlackTitle "GM"]
[WhiteElo "2003"]
[BlackElo "2225"]

1. d4 Nf6 2. c4 g6 3. Nc3 d5 4. cxd5 Nxd5 5. e4 Nxc3 6. bxc3 Bg7 7. Bc4 c5 8. Ne2
Nc6 9. Be3 O-O 10. O-O e6 11. Qd2 Qa5 12. Rfd1 cxd4 13. cxd4 Qxd2 14. Rxd2 Na5
1/2-1/2

[Event "II Miedzynarodowy Festiwal Szachowy Kaszëbë Ôpen - Grupa A (FIDE > 1800)"]
[Site "Hala Sportowa Zespolu Szkol w Lipuszu, ul. Derdowskiego 7a"]
[Date "1899-12-30"]
[Round "2.5"]
[White "Cap, Piotr"]
[Black "Kucharski, Krzysztof"]
[Result "1/2-1/2"]
[WhiteTitle "I++"]
[BlackTitle "II+"]
[WhiteElo "2039"]
[BlackElo "1884"]

1. d4 f5 2. Nf3 Nf6 3. g3 e6 4. Bg2 d5 5. O-O c6 6. Bg5 Bd6 7. c4 O-O 8. Qc2 h6
9. Bxf6 Qxf6 10. Nc3 Nd7 11. cxd5 exd5 12. e3 Qe7 13. Nh4 Qf7 14. Rab1 g5 15.
Nf3 Qe7 16. Na4 Nf6 17. Nc5 Ne4 18. Nd3 Kg7 19. b4 Bd7 20. Nc5 Be8 21. Qb2 Rb8
22. Rfe1 h5 23. Ne5 Bxe5 24. dxe5 Nxc5 25. bxc5 Qxc5 26. e6+ Kh6 27. Qe5 Bg6 28.
Rec1 Qe7 29. Rxc6 bxc6 30. Rxb8 Rxb8 31. Qxb8 Qxe6 32. Qxa7 f4 33. Qd4 fxe3 34.
fxe3 Qe7 35. a4 c5 36. Qd2 Be4 37. a5 Bxg2 38. Kxg2 Qe4+ 39. Kg1 d4 40. exd4 cxd4
41. h4 Qb1+ 42. Kf2 Qf5+ 43. Kg2 Qe4+ 44. Kh2 d3 45. hxg5+ Kg6 46. a6 Qe2+ 47.
Qxe2 dxe2 48. a7 e1=Q 49. a8=Q Qf2+ 50. Kh3 Qf1+ 51. Kh2 Qf2+ 52. Kh3 Qf1+ 53.
Kh4 Qc4+ 54. Kh3 1/2-1/2

[Event "II Miedzynarodowy Festiwal Szachowy Kaszëbë Ôpen - Grupa A (FIDE > 1800)"]
[Site "Hala Sportowa Zespolu Szkol w Lipuszu, ul. Derdowskiego 7a"]
[Date "1899-12-30"]
[Round "3.1"]
[White "Kucharski, Krzysztof"]
[Black "Putlak, Wojciech"]
[Result "1/2-1/2"]
[WhiteTitle "II+"]
[BlackTitle "I++"]
[WhiteElo "1884"]
[BlackElo "2031"]

1. e4 c5 2. d4 cxd4 3. c3 dxc3 4. Nxc3 Nc6 5. Nf3 d6 6. Bc4 e6 7. Bf4 Nf6 8. O-O
Be7 9. Qe2 e5 10. Be3 O-O 11. Rfd1 a6 12. a3 b5 13. Ba2 Bb7 14. b4 Rc8 15. Rac1
h6 16. h3 Re8 17. Nd5 Nxd5 18. Bxd5 Bf6 19. Qd2 Qd7 20. Qd3 Red8 21. Bb6 Re8 22.
Be3 Red8 1/2-1/2

[Event "II Miedzynarodowy Festiwal Szachowy Kaszëbë Ôpen - Grupa A (FIDE > 1800)"]
[Site "Hala Sportowa Zespolu Szkol w Lipuszu, ul. Derdowskiego 7a"]
[Date "1899-12-30"]
[Round "3.2"]
[White "Schmidt, Wlodzimierz"]
[Black "Cap, Piotr"]
[Result "1-0"]
[WhiteTitle "GM"]
[BlackTitle "I++"]
[WhiteElo "2225"]
[BlackElo "2039"]

1. d4 d6 2. Nf3 Nf6 3. c4 g6 4. Nc3 Bg7 5. e4 O-O 6. Be2 Nc6 7. O-O e5 8. d5 Ne7
9. Ne1 Nd7 10. Nd3 b6 11. Be3 f5 12. f3 Nf6 13. b4 Nh5 14. c5 bxc5 15. bxc5 fxe4
16. fxe4 Nf4 17. Nf2 g5 18. Rc1 Neg6 19. g3 Nxe2+ 20. Qxe2 a5 21. cxd6 cxd6 22.
Nb5 a4 23. Nc7 Rb8 24. Qc4 Bd7 25. Ne6 Qe7 26. Bxg5 Bf6 27. Nxf8 Rxf8 28. Bxf6
Rxf6 29. Qe2 Rf8 30. Rc7 Qd8 31. Qc2 Rf7 32. Qc1 Rg7 33. Kh1 Rf7 34. Rb7 Qf6 35.
Qe3 h5 36. Rbb1 Qe7 37. Nd3 Rh7 38. Kg1 h4 39. Rf2 hxg3 40. hxg3 Bc8 41. Rb8 Qd7
42. Qg5 Rg7 43. Qf5 1-0

[Event "II Miedzynarodowy Festiwal Szachowy Kaszëbë Ôpen - Grupa A (FIDE > 1800)"]
[Site "Hala Sportowa Zespolu Szkol w Lipuszu, ul. Derdowskiego 7a"]
[Date "1899-12-30"]
[Round "3.3"]
[White "Chojnacki, Krzysztof"]
[Black "Szopieraj, Dariusz"]
[Result "1-0"]
[WhiteTitle "IM"]
[BlackTitle "k"]
[WhiteElo "2386"]
[BlackElo "2003"]

1. d4 Nf6 2. c4 g6 3. f3 Bg7 4. e4 d6 5. Nc3 O-O 6. Be3 Nbd7 7. Qd2 c6 8. Nh3 Re8
9. Be2 e5 10. d5 cxd5 11. cxd5 a6 12. Nf2 Nh5 13. Nd3 f5 14. O-O f4 15. Bf2 g5
16. Rfc1 Ndf6 17. Qd1 Bd7 18. Na4 Bb5 19. Nb6 Rb8 20. a4 Bxd3 21. Qxd3 Nd7 22.
a5 Nhf6 23. b4 Re7 24. Nc4 Ne8 25. Rab1 Rc8 26. Qa3 Bf8 27. b5 Rg7 28. bxa6 bxa6
29. Nb6 Rxc1+ 30. Qxc1 Nc5 31. Bxc5 dxc5 32. Qc4 Nd6 33. Qxa6 g4 34. Qd3 gxf3
35. Bxf3 c4 36. Qc3 Rg5 37. Nxc4 Nxc4 38. Qxc4 Qxa5 39. d6+ Kh8 40. Qc7 Qd2 41.
d7 Be7 42. h4 Qd4+ 43. Kh2 Rg8 44. Rb5 Bf6 45. Qb6 Qxb6 46. Rxb6 Bxh4 47. Re6
Rd8 48. Bg4 Rg8 49. Kh3 Bg5 50. Rxe5 h6 51. Re8 Kg7 52. e5 Rh8 53. e6 h5 54. Bf5
Rf8 55. e7 Bxe7 56. Rxe7+ Kf6 57. Re8 1-0

[Event "II Miedzynarodowy Festiwal Szachowy Kaszëbë Ôpen - Grupa A (FIDE > 1800)"]
[Site "Hala Sportowa Zespolu Szkol w Lipuszu, ul. Derdowskiego 7a"]
[Date "1899-12-30"]
[Round "3.4"]
[White "Baginskaite, Kamile"]
[Black "Marszk, Kazimierz"]
[Result "1/2-1/2"]
[WhiteTitle "WGM"]
[BlackTitle "k"]
[WhiteElo "2126"]
[BlackElo "1879"]

1. d4 Nf6 2. c4 g6 3. Nf3 Bg7 4. g3 O-O 5. Bg2 c6 6. Nc3 d5 7. Qb3 Qb6 8. Qxb6
axb6 9. cxd5 Nxd5 10. Nxd5 cxd5 11. Bd2 Nc6 12. e3 Bf5 13. O-O Be4 14. Rfc1 Rfc8
15. Ne1 Bxg2 16. Kxg2 e6 17. Nd3 Bf8 18. a4 Bd6 19. b4 Ne7 20. b5 Rxc1 21. Nxc1
Kf8 22. g4 Ke8 23. h3 Kd7 24. Kf3 f6 25. Ke2 Nc8 26. f3 Bc7 27. Bb4 Bd6 28. Bc3
Be7 29. Kd3 Nd6 30. Nb3 Rc8 31. Nd2 Ra8 32. e4 Rc8 33. Re1 Nc4 34. Nxc4 Rxc4 35.
exd5 exd5 36. Ra1 Bb4 37. Bxb4 Rxb4 38. Kc3 Rc4+ 39. Kd3 Rb4 40. Kc3 Rc4+ 41.
Kd3 Rb4 42. Kc3 1/2-1/2

[Event "II Miedzynarodowy Festiwal Szachowy Kaszëbë Ôpen - Grupa A (FIDE > 1800)"]
[Site "Hala Sportowa Zespolu Szkol w Lipuszu, ul. Derdowskiego 7a"]
[Date "1899-12-30"]
[Round "3.5"]
[White "Sobolewski, Piotr"]
[Black "Malisauskas, Vidmantas"]
[Result "0-1"]
[WhiteTitle "k"]
[BlackTitle "GM"]
[WhiteElo "1959"]
[BlackElo "2403"]

1. e4 c5 2. Nf3 Nc6 3. Bb5 g6 4. O-O Bg7 5. Re1 e5 6. b4 cxb4 7. a3 Qa5 8. Bc4
Nge7 9. Bb2 O-O 10. Bb3 d6 11. axb4 Qxb4 12. Ba3 Qb6 13. Bxd6 Bg4 14. Nc3 Bxf3
15. gxf3 Qd8 16. Ba3 Bh6 17. Nd5 Kh8 18. c3 f5 19. Nxe7 Nxe7 20. d4 Nc6 21. Bxf8
Qg5+ 22. Kh1 Rxf8 23. d5 Nd8 24. Qe2 Qh5 25. Kg2 Nf7 26. h4 Nd6 27. Qd3 Bf4 28.
Rh1 g5 29. hxg5 Qxg5+ 30. Kf1 Rg8 31. Re1 Qg2+ 32. Ke2 fxe4 33. fxe4 Rg3 34. Reg1
Qxf2+ 35. Kxf2 Rxd3 36. Bd1 0-1

[Event "II Miedzynarodowy Festiwal Szachowy Kaszëbë Ôpen - Grupa A (FIDE > 1800)"]
[Site "Hala Sportowa Zespolu Szkol w Lipuszu, ul. Derdowskiego 7a"]
[Date "1899-12-30"]
[Round "4.1"]
[White "Putlak, Wojciech"]
[Black "Malisauskas, Vidmantas"]
[Result "1/2-1/2"]
[WhiteTitle "I++"]
[BlackTitle "GM"]
[WhiteElo "2031"]
[BlackElo "2403"]

1. d4 Nf6 2. c4 g6 3. Nf3 Bg7 4. g3 d5 5. cxd5 Nxd5 6. Bg2 Nb6 7. O-O Nc6 8. e3
O-O 9. Nc3 Re8 10. b3 e5 11. Nxe5 Nxe5 12. dxe5 Qxd1 13. Rxd1 Bxe5 14. Bb2 c6
15. Rd2 f5 16. Rad1 Be6 17. Ne2 Bxb2 18. Rxb2 Bd5 19. Nc3 Bxg2 20. Kxg2 Rad8 21.
Rbd2 Rxd2 22. Rxd2 1/2-1/2

[Event "II Miedzynarodowy Festiwal Szachowy Kaszëbë Ôpen - Grupa A (FIDE > 1800)"]
[Site "Hala Sportowa Zespolu Szkol w Lipuszu, ul. Derdowskiego 7a"]
[Date "1899-12-30"]
[Round "4.2"]
[White "Marszk, Kazimierz"]
[Black "Sobolewski, Piotr"]
[Result "1/2-1/2"]
[WhiteTitle "k"]
[BlackTitle "k"]
[WhiteElo "1879"]
[BlackElo "1959"]

1. e4 e5 2. Nf3 Nc6 3. Bb5 g6 4. O-O Bg7 5. Re1 Nge7 6. c3 O-O 7. d3 d6 8. Bg5
h6 9. Bxe7 Nxe7 10. Nbd2 c6 11. Bc4 d5 12. Bb3 dxe4 13. dxe4 b5 14. a4 Bb7 15.
Qe2 a6 16. Rad1 Qb6 17. Nf1 Rad8 18. Ne3 Qc7 19. Rxd8 Rxd8 20. Rd1 1/2-1/2

[Event "II Miedzynarodowy Festiwal Szachowy Kaszëbë Ôpen - Grupa A (FIDE > 1800)"]
[Site "Hala Sportowa Zespolu Szkol w Lipuszu, ul. Derdowskiego 7a"]
[Date "1899-12-30"]
[Round "4.3"]
[White "Szopieraj, Dariusz"]
[Black "Baginskaite, Kamile"]
[Result "0-1"]
[WhiteTitle "k"]
[BlackTitle "WGM"]
[WhiteElo "2003"]
[BlackElo "2126"]

1. e4 c5 2. Nf3 d6 3. d4 cxd4 4. Nxd4 Nf6 5. Nc3 a6 6. Bg5 e6 7. f4 Be7 8. Qf3
Qc7 9. O-O-O Nbd7 10. g4 b5 11. Bxf6 Nxf6 12. g5 Nd7 13. f5 O-O 14. fxe6 fxe6
15. Nxe6 Rxf3 16. Nxc7 Ra7 17. N3d5 Bxg5+ 18. Kb1 Nc5 19. Ne8 Nxe4 20. Bg2 Rf8
21. Bxe4 Rxe8 22. Nb6 Rxe4 23. Nxc8 Rc7 24. Nxd6 Re2 25. c3 Bf4 26. h4 b4 27.
Rh3 Be5 28. Rdd3 bxc3 29. bxc3 Rc6 30. Nf5 Rb6+ 31. Kc1 Bf4+ 32. Kd1 Rxa2 33.
Ke1 Rb1+ 34. Rd1 Bd2+ 0-1

[Event "II Miedzynarodowy Festiwal Szachowy Kaszëbë Ôpen - Grupa A (FIDE > 1800)"]
[Site "Hala Sportowa Zespolu Szkol w Lipuszu, ul. Derdowskiego 7a"]
[Date "1899-12-30"]
[Round "4.4"]
[White "Cap, Piotr"]
[Black "Chojnacki, Krzysztof"]
[Result "0-1"]
[WhiteTitle "I++"]
[BlackTitle "IM"]
[WhiteElo "2039"]
[BlackElo "2386"]

1. d4 Nf6 2. Bg5 c5 3. d5 d6 4. Nc3 h6 5. Bf4 Qb6 6. e4 Nxe4 7. Bd3 Nxc3 8. bxc3
g5 9. Bd2 Bg7 10. Ne2 Nd7 11. Rb1 Qc7 12. Ng3 c4 13. Bf5 Nb6 14. Qf3 Be5 15. O-O
Bxg3 16. hxg3 Bxf5 17. Qxf5 Qc5 18. Rfd1 Qxd5 19. Qxd5 Nxd5 20. Rxb7 O-O 21. Rdb1
Rfc8 22. R1b5 Rc7 23. Rxc7 Nxc7 24. Rb4 Nd5 25. Rxc4 Rb8 26. Ra4 Rb1+ 27. Kh2
Rb2 28. Rxa7 Rxc2 29. Be1 Re2 30. c4 Nf6 31. Bc3 Ng4+ 32. Kg1 Rxf2 33. a4 Rc2
34. Be1 Rxc4 35. a5 e5 36. a6 Ra4 37. Ra8+ Kh7 38. a7 d5 39. Kf1 d4 40. Bb4 e4
41. Bc5 Ra1+ 42. Ke2 d3+ 43. Kd2 Ra2+ 44. Kc3 d2 45. Rd8 e3 46. Kb3 Rxa7 0-1

[Event "II Miedzynarodowy Festiwal Szachowy Kaszëbë Ôpen - Grupa A (FIDE > 1800)"]
[Site "Hala Sportowa Zespolu Szkol w Lipuszu, ul. Derdowskiego 7a"]
[Date "1899-12-30"]
[Round "4.5"]
[White "Kucharski, Krzysztof"]
[Black "Schmidt, Wlodzimierz"]
[Result "0-1"]
[WhiteTitle "II+"]
[BlackTitle "GM"]
[WhiteElo "1884"]
[BlackElo "2225"]

1. e4 e6 2. d3 c5 3. Nf3 Nc6 4. g3 g6 5. Bg2 Bg7 6. c3 e5 7. Be3 d6 8. Nbd2 Nge7
9. O-O O-O 10. Nh4 Be6 11. f4 Qd7 12. Nhf3 h6 13. a4 b6 14. Qc2 Rac8 15. Rad1
f5 16. fxe5 dxe5 17. exf5 gxf5 18. Nh4 Rf7 19. b3 Nd4 20. Bxd4 cxd4 21. c4 Nd5
22. Bxd5 Bxd5 23. Rde1 Ba8 24. Nhf3 Re8 25. Re2 Qc6 26. Rg2 Bf6 27. Ne1 e4 28.
Qd1 Bg5 29. h4 Be3+ 30. Kh2 Ref8 31. Qh5 Kg7 32. g4 Qc7+ 33. Kh1 f4 34. g5 f3
35. gxh6+ Kh8 36. Rg4 Bxd2 37. Qg6 e3 38. Nxf3 e2 0-1

[Event "II Miedzynarodowy Festiwal Szachowy Kaszëbë Ôpen - Grupa A (FIDE > 1800)"]
[Site "Hala Sportowa Zespolu Szkol w Lipuszu, ul. Derdowskiego 7a"]
[Date "1899-12-30"]
[Round "5.2"]
[White "Chojnacki, Krzysztof"]
[Black "Kucharski, Krzysztof"]
[Result "1-0"]
[WhiteTitle "IM"]
[BlackTitle "II+"]
[WhiteElo "2386"]
[BlackElo "1884"]

1. d4 e6 2. c4 f5 3. e3 Nf6 4. Bd3 Be7 5. Nc3 O-O 6. Nge2 d5 7. f3 Nc6 8. a3 Nh5
9. cxd5 exd5 10. Qb3 Be6 11. Qxb7 Na5 12. Qa6 c6 13. b4 Nb3 14. Qxc6 Rf6 15. Rb1
Rc8 16. Qa4 Nxc1 17. Rxc1 f4 18. e4 Rh6 19. e5 Ng3 20. Rg1 Nxe2 21. Nxe2 Rxc1+
22. Nxc1 Rxh2 23. Qc6 Rh6 24. Nb3 Bf5 25. Qc2 Bxd3 26. Qxd3 Qc8 27. Kd2 Rh2 28.
Qb5 Qh3 29. Qxd5+ Kf8 30. Qa8+ Kf7 31. Qd5+ Kf8 32. Qe4 Rxg2+ 33. Rxg2 Qxg2+ 34.
Kc3 Qh1 35. d5 h5 36. d6 h4 37. Qxf4+ Ke8 38. dxe7 Kxe7 39. Nd4 h3 40. e6 h2 41.
Qf7+ Kd6 42. Qf8+ Kc7 43. Qe7+ Kc8 44. Qd7+ Kb8 45. Nc6+ Ka8 46. Qc8# 1-0

[Event "II Miedzynarodowy Festiwal Szachowy Kaszëbë Ôpen - Grupa A (FIDE > 1800)"]
[Site "Hala Sportowa Zespolu Szkol w Lipuszu, ul. Derdowskiego 7a"]
[Date "1899-12-30"]
[Round "5.3"]
[White "Baginskaite, Kamile"]
[Black "Cap, Piotr"]
[Result "1/2-1/2"]
[WhiteTitle "WGM"]
[BlackTitle "I++"]
[WhiteElo "2126"]
[BlackElo "2039"]

1. d4 d6 2. Nf3 c6 3. c4 Bg4 4. Qb3 Qc7 5. h3 Bxf3 6. Qxf3 e5 7. Nc3 Nf6 8. Bg5
Be7 9. e3 O-O 10. Bd3 Nbd7 11. O-O Rfe8 12. Rfd1 Nf8 13. Bh4 Ng6 14. Bg3 Nd7 15.
h4 Ngf8 16. h5 Qb6 17. c5 Qxb2 18. cxd6 Qxc3 19. dxe7 Rxe7 20. h6 Rae8 21. hxg7
Ng6 22. Rac1 Qa5 23. Qh5 Kxg7 24. Bf4 Qc7 25. Qh6+ Kg8 1/2-1/2

[Event "II Miedzynarodowy Festiwal Szachowy Kaszëbë Ôpen - Grupa A (FIDE > 1800)"]
[Site "Hala Sportowa Zespolu Szkol w Lipuszu, ul. Derdowskiego 7a"]
[Date "1899-12-30"]
[Round "5.4"]
[White "Sobolewski, Piotr"]
[Black "Szopieraj, Dariusz"]
[Result "0-1"]
[WhiteTitle "k"]
[BlackTitle "k"]
[WhiteElo "1959"]
[BlackElo "2003"]

1. e4 e5 2. Nf3 Nc6 3. Bb5 a6 4. Bxc6 dxc6 5. O-O Bg4 6. h3 Bxf3 7. Qxf3 Nf6 8.
d3 h6 9. Nd2 Bd6 10. Nc4 O-O 11. Qe2 Re8 12. f4 exf4 13. Bxf4 b5 14. Nxd6 cxd6
15. Qf3 Re6 16. Rf2 Qe7 17. Raf1 Re8 18. g4 d5 19. g5 hxg5 20. Bxg5 dxe4 21. dxe4
Qc5 22. Be3 Qe5 23. c3 c5 24. Rg2 Qxe4 25. Bxc5 Qxf3 26. Rxf3 Re1+ 27. Rf1 Rxf1+
28. Kxf1 Ne4 29. Bd4 f6 30. h4 Kf7 31. b4 g6 32. a4 Rc8 33. axb5 axb5 34. Ra2
Rc6 35. Kg2 Ke6 36. Ra5 Kf5 37. Rxb5+ Kg4 38. Ra5 f5 39. b5 Rc4 40. b6 Rc8 41.
Be5 Rc5 42. b7 Rxa5 43. b8=Q Ra2+ 44. Kf1 Kf3 45. c4 Rf2+ 46. Ke1 Re2+ 47. Kd1
Nf2+ 48. Kc1 Nd3+ 49. Kb1 Nxe5 50. Qb7+ Kf4 51. c5 Re1+ 52. Kc2 Re2+ 53. Kd1 Re4
54. c6 Rd4+ 55. Ke2 Re4+ 56. Kf1 Nd3 57. Qb1 Ke3 58. Qd1 Rxh4 59. Qe2+ Kd4 60.
Qg2 Rh7 61. Kg1 Re7 0-1

[Event "II Miedzynarodowy Festiwal Szachowy Kaszëbë Ôpen - Grupa A (FIDE > 1800)"]
[Site "Hala Sportowa Zespolu Szkol w Lipuszu, ul. Derdowskiego 7a"]
[Date "1899-12-30"]
[Round "5.5"]
[White "Malisauskas, Vidmantas"]
[Black "Marszk, Kazimierz"]
[Result "1-0"]
[WhiteTitle "GM"]
[BlackTitle "k"]
[WhiteElo "2403"]
[BlackElo "1879"]

1. d4 Nf6 2. c4 c6 3. Nf3 d5 4. e3 g6 5. Nc3 Bg7 6. Bd3 O-O 7. O-O Bg4 8. h3 Bxf3
9. Qxf3 dxc4 10. Bxc4 Nbd7 11. Rd1 Nb6 12. Bb3 Qc7 13. e4 Rad8 14. Bf4 Qc8 15.
Rac1 Qa8 16. d5 cxd5 17. exd5 Rd7 18. d6 exd6 19. Bxd6 Rfd8 20. Nb5 Ne8 21. Ba3
Rxd1+ 22. Rxd1 Rxd1+ 23. Qxd1 a6 24. Qf3 Bf6 25. Nc7 Nxc7 26. Qxf6 Nbd5 27. Qd6
b5 28. Bc5 a5 29. Bd4 a4 30. Qe5 f6 31. Qxf6 Qf8 32. Qh8+ Kf7 33. Qxh7+ Ke6 34.
Qxg6+ Kd7 35. Bxd5 Nxd5 36. Qg7+ Qxg7 37. Bxg7 b4 38. h4 Ke7 39. Bd4 Kd6 40. h5
Nf4 41. h6 1-0

[Event "II Miedzynarodowy Festiwal Szachowy Kaszëbë Ôpen - Grupa A (FIDE > 1800)"]
[Site "Hala Sportowa Zespolu Szkol w Lipuszu, ul. Derdowskiego 7a"]
[Date "1899-12-30"]
[Round "6.2"]
[White "Szopieraj, Dariusz"]
[Black "Malisauskas, Vidmantas"]
[Result "0-1"]
[WhiteTitle "k"]
[BlackTitle "GM"]
[WhiteElo "2003"]
[BlackElo "2403"]

1. c4 g6 2. Nf3 Nf6 3. Nc3 Bg7 4. e4 O-O 5. d4 d6 6. Be2 Na6 7. O-O e5 8. d5 Nc5
9. Nd2 a5 10. f3 Ne8 11. Nb3 b6 12. Be3 f5 13. Kh1 f4 14. Bf2 Nf6 15. Nxc5 bxc5
16. a3 g5 17. Nb5 a4 18. b4 axb3 19. Qxb3 Kh8 20. a4 Rg8 21. Ra2 Bh6 22. a5 g4
23. Bh4 Bg5 24. Bxg5 Rxg5 25. Rfa1 Rh5 26. Bf1 Ba6 27. Qd1 Qd7 28. h3 gxh3 29.
gxh3 Rg8 30. Bg2 Rg3 31. Qf1 Qg7 32. Rb1 Bc8 33. a6 Bxh3 34. Kg1 Bxg2 35. Rxg2
Qh6 36. Rxg3 fxg3 0-1